000 01816nam a2200229Ia 4500
008 260220t1997||||xx |||||||||||||| ||spa||
040 _aPY-SlUNAC
_bspa
_erda
041 _aspa
082 _a312.098 92
_bP212i
245 0 _aIndicadores de mortalidad - 1997
264 _aAsunción :
_bMinisterio de Salud Pública y Bienestar Social,
_c℗1997.
300 _a1 volumen
520 _aEl libro "Indicadores de mortalidad - 1997", publicado por el Ministerio de Salud Pública y Bienestar Social de Asunción, presenta un análisis exhaustivo de las estadísticas de mortalidad en Paraguay durante ese año. A través de la recopilación de datos demográficos y sanitarios, se examinan las principales causas de muerte, así como los factores sociales y económicos que influyen en la salud de la población. El texto destaca la importancia de los indicadores de mortalidad como herramientas fundamentales para la planificación y evaluación de políticas de salud pública. Además, se identifican desigualdades en la mortalidad entre diferentes grupos poblacionales, lo que sugiere la necesidad de intervenciones focalizadas para mejorar la salud en las comunidades más vulnerables. Este informe también proporciona recomendaciones para futuras investigaciones y acciones en el ámbito de la salud, enfatizando la relevancia de la vigilancia epidemiológica en la reducción de las tasas de mortalidad. En conjunto, el documento sirve como un recurso clave para investigadores y responsables de la formulación de políticas en el sector salud.
653 _aIndicadores de salud
653 _aMortalidad
653 _aSalud pública
942 _b2026/02/17
_cBK
999 _c7000
_d7000